000 00302nam a22001337a 4500
008 170407b xxu||||| |||| 00| 0 eng d
020 _a0444007164
041 _aeng
080 _a611.018
100 _a9
101 _aSHM
245 _aHISTOLOGY CELL AND TISSUE BIOLOGY
_cWEIS.L
942 _2udc
_cBK
999 _c10063
_d10063